000 00719nam a2200253Ia 4500
003 OSt
005 20220918170822.0
006 a|||||r|||| 00| 0
007 ta
008 220917b |||||||| |||| 00| 0 eng d
020 _a9780670083893 (hbk)
_c499
024 _a258,148
037 _b161, 02/12/2011, University Book House
_cTextual
040 _aARTS
_cARTS
_beng
041 _2eng
_aeng
082 _aV2z7, Q1
100 _aTully Mark
_931438
245 0 _aNon stop India
260 _aNew Delhi
_bPenguin Books India
_c2011
300 _axxi,256p.
_ccm.
650 _aHISTORY
942 _hV2z7, Q1
_cTEXL
_2CC
999 _c136006
_d136006